[Event "Quebec Montcalm op 3 2012-13"]
[Site "Quebec"]
[Date "2012.11.22"]
[Round "2"]
[White "Ripoll, Arthur"]
[Black "Gauthier, Jean Claude"]
[Result "1-0"]
[WhiteElo "1569"]
[BlackElo "1102"]
[PlyCount "78"]
[EventDate "2012.11.15"]
[EventType "swiss"]
[EventRounds "5"]
[EventCountry "CAN"]
[SourceTitle "EXT 2022"]
[Source "ChessBase"]
[SourceDate "2021.10.06"]
[SourceVersion "1"]
[SourceVersionDate "2021.10.06"]
[SourceQuality "1"]

1. e4 e5 2. Nf3 Nc6 3. Bc4 Bc5 4. b4 Bxb4 5. c3 Ba5 6. d4 exd4 7. 0-0 dxc3 8. Qb3 Qe7 9. Ba3 Bb4 10. Bxb4 Nxb4 11. Bxf7+ Qxf7 12. Qxb4 Ne7 13. Qxc3 c6 14. Ne5 Qf6 15. Nc4 0-0 16. e5 Qg6 17. Nd6 Nd5 18. Qb3 Rb8 19. Nc3 Qe6 20. Nxd5 cxd5 21. Rfe1 b6 22. Rac1 Bb7 23. Rc7 Bc6 24. Rxa7 b5 25. Qe3 Ra8 26. Rxa8 Rxa8 27. Qe2 d4 28. Ra1 Qg6 29. f3 d3 30. Qd1 Bd5 31. Nxb5 Rxa2 32. Rxa2 Bxa2 33. Nc3 Be6 34. Ne4 Bc4 35. h3 Qb6+ 36. Kh1 Qd4 37. Qa4 Qd5 38. Nc3 Qc6 39. Qd1 Ba6 1-0